000 00621na a2200229 4500
001 19177
003 MIRAKIL
005 20181213155131.0
008 170116b tu 000 0
020 _a9789944474153
040 _aMilas
_btur
_cTR-AnCHP
041 _atur
082 _a370.2561
_bT96k 2007
090 _a370.2561 T96k 2007
100 _aTürkoğlu, Adil
245 _aKent enstitüleri
_cAdil Türkoğlu
260 _aAnkara
_bAnı Yayıncılık
_c2007
300 _a134 s.
_bfotg.
_c19 sm.
650 _aEğitim ve öğretim
_zTürkiye
650 _aEğitim
_xEnstitüler
_zTürkiye
942 _2ddc
_cBKS
999 _c7214
_d7214